| 000 | 02424nam0a2200421 4500 | ||
|---|---|---|---|
| 001 | RU\NLR\BIBL_A\012828508 | ||
| 005 | 20220705115853.0 | ||
| 010 |
_a978-5-4444-6111-2 _bобщий |
||
| 010 |
_a978-5-4484-3375-7 _92000 |
||
| 021 |
_aRU _bКН-П-22-020127 _9КН-П-22-1721 |
||
| 035 | _a(NLR Aleph) 012828508 | ||
| 035 | _a(RuMoRGB)011024379 | ||
| 090 |
_a12348671 _c12348671 |
||
| 100 | _a20220624d2022 u y0rusy50 ca | ||
| 101 | 1 |
_arus _cfre |
|
| 102 | _aRU | ||
| 105 | _aac z 000ay | ||
| 181 | 0 |
_ai3 _baxxe |
|
| 181 | 0 |
_ab1 _bxb2e |
|
| 182 | 0 | _an | |
| 200 | 1 |
_aОхотник на водоплавающую дичь _eроманы _fАлександр Дюма _gиллюстраторы: Эдмон Коппен [и др.] _g[пер. с фр. Н. Паниной, Н. Световидовой] |
|
| 203 |
_aТекст _aИзображение _bвизуальные _cнепосредственные |
||
| 210 |
_aМосква _cВече _d2022 |
||
| 215 |
_a414, [1] с. _cил., портр. _d21 |
||
| 225 | 1 | _aИллюстрированное собрание сочинений | |
| 320 | _aБиблиогр. А. Дюма-отца (худож. произведения): с. 411-413 | ||
| 327 | 1 | _aВ кн. также: Сесиль | |
| 330 | _aВ очередной том иллюстрированного собрания сочинений Александра Дюма входит остросюжетный роман <Охотник на водоплавающую дичь>, в котором эпизодически снова появляется дуэльных дел мастер - мэтр Гризье, герой <Записок учителя фехтования>. В данный том также включена драматическая история <Сесиль>, события которой развиваются в эпоху Великой французской революции и первые годы Империи Наполеона | ||
| 333 | _a12+ | ||
| 675 |
_a821.133.1-31 _v4 |
||
| 686 | 1 | _aШ6(4Фр)57-440.4{Лх1646-50} | |
| 700 | 1 |
_7ca _8rus _aДюма _bА. _cотец _f1802-1870 _gАлександр _9116800 _3RU\NLR\AUTH\776853 |
|
| 702 | 1 |
_aКоппен _bЭ. _gЭдмон _4440 |
|
| 942 | _cBOOK | ||
| 980 | _aNB | ||